LEADER 01100nam 2200301z- 450 001 9910689616403321 005 20231212221747.0 035 $a(CKB)4920000000790426 035 $a(BIP)011007395 035 $a(EXLCZ)994920000000790426 100 $a20220104c2004uuuu -u- - 101 0 $aeng 200 14$aThe Middle East $erethinking the road map : hearing before the Committee on Foreign Relations, United States Senate, One Hundred Eighth Congress, second session, February 24, 2004 215 $a1 online resource (iii, 65 p.) 311 08$a0-16-071842-2 517 $aMiddle East 606 $aArab-Israeli conflict$y1993-$xPeace 606 $aAl-Aqsa Intifada, 2000-2005 607 $aIsrael$xForeign relations$zUnited States 607 $aUnited States$xForeign relations$zIsrael 607 $aPalestine$xForeign relations$zUnited States 607 $aUnited States$xForeign relations$zPalestine 615 0$aArab-Israeli conflict$xPeace. 615 0$aAl-Aqsa Intifada, 2000-2005. 906 $aBOOK 912 $a9910689616403321 996 $aMIDDLE East$9653264 997 $aUNINA